000 00666cam a2200217 a 4500
001 2542048
005 20260327185005.0
008 940601s1995 nyua b 001 0 eng
020 _a0070708266 :
_c$34.95
020 _a9780070708266
050 0 0 _aP94.6
_b.W55 1995
082 0 0 _a302.23
_220
100 1 _aWilson, Stan Le Roy.
245 1 0 _aMass media/mass culture :
_ban introduction /
_cStan Le Roy Wilson.
250 _a3rd ed.
260 _aNew York :
_bMcGraw-Hill,
_cc1995.
300 _axvii, 428 p. :
_bill. (some col.) ;
_c24 cm.
440 0 _aMcGraw-Hill series in mass communication
650 0 _aMass media and culture.
942 _2lcc
_cBK
_e3rd Ed.
_n0
999 _c9187
_d9187